000 00509nam a2200169Ia 4500
003 IN-BaIIA
008 211028s9999 xx 000 0 eng d
040 _cIIA Library
080 _aGEN
_bPEL
100 _aPeltier, Leslie C.
_97197
245 4 _aThe place of Jennings Creek
_cLeslie C. Peltier
260 _aWashington
_bAdams Press
_c1977
300 _av, 170p.
500 _aDonated by Mrs. Bappu
650 _aAstronomy and Astrophysics Thesaurus
942 _cBK
999 _c7720
_d7720